One Piece: L'équipage du Chapeau de Paille en 15 secondes - Statistiques

Statistiques générales
  • Ce quiz a été pris 1 449 fois
  • Le résultat moyen est 7 sur 10
Statistiques - réponses
Personnages % Correct
Monkey D. Luffy
98%
Roronoa Zoro
95%
Nami
90%
Vinsmoke Sanji
82%
Nico Robin
71%
Tony Tony Chopper
67%
Usopp
67%
Brook
58%
Franky
52%
Jinbe
44%
Aucun quiz correspondant
Distribution des résultats
% des personnes avec chaque résultat
Percentile par nombre de réponses
Votre historique - résultats
Vous n’avez pas pris ce quiz